| 000 | 00821 a2200229 4500 | ||
|---|---|---|---|
| 005 | 20081014104823.0 | ||
| 008 | 081014t xxu||||| |||| 00| 0 eng d | ||
| 010 | _aENG-87961 | ||
| 020 |
_a8183186033 _c225.00 |
||
| 035 | _aEN-71494 | ||
| 037 | _bDBAD / PUB | ||
| 082 | _a658.8 | ||
| 100 | _aKarunakaran, K. | ||
| 245 |
_aMarketing management : _b(text & cases in Indian context )/ _cby K. Karunakaran |
||
| 250 | _aIst ed. | ||
| 260 |
_aNew Delhi _bHimalaya Publishing House _c2007 |
||
| 270 |
_aPooja Apartments, 4-B, Murari Lal Street, Ansari Road, Darya Ganj _bNew Delhi _e110 002 |
||
| 300 |
_axi, 420 p. _c23 cm (pbk) |
||
| 500 | _aIncludes bibliograpgical references | ||
| 942 |
_adpl _cEN _2ddc _m KAR |
||
| 999 |
_c7476 _d7476 |
||